Identifying the Relationship between Wellbeing and Financial Vulnerability

Subjektívna pohoda je termín používaný na opis spokojnosti jednotlivca so svojím životom a životnou úrovňou. Výskum v tejto oblasti je náročný, pretože ide o subjektívne vyjadrenie pocitov respondenta a jednotlivci môžu mať odlišné predstavy alebo preferencie. Na druhej strane, objektívne merané úda...

Descripción completa

Guardado en:
Detalles Bibliográficos
Autor principal: Ilenčíková, Katarína, 1999-
Formato: Capítulo de libro
Lenguaje:inglés
Materias:
Etiquetas: Agregar Etiqueta
Sin Etiquetas, Sea el primero en etiquetar este registro!

MARC

LEADER 00000naa$a2200000$$$4500
001 0313776
005 20260107083334.0
041 0 |a eng 
044 |a SK 
245 1 0 |a Identifying the Relationship between Wellbeing and Financial Vulnerability  |c Katarína Ilenčíková 
520 |a Subjektívna pohoda je termín používaný na opis spokojnosti jednotlivca so svojím životom a životnou úrovňou. Výskum v tejto oblasti je náročný, pretože ide o subjektívne vyjadrenie pocitov respondenta a jednotlivci môžu mať odlišné predstavy alebo preferencie. Na druhej strane, objektívne merané údaje (napr. príjem, bohatstvo, dlh) poskytujú nestranné informácie o finančnej situácii jednotlivca. Táto práca skúma vzťah medzi vybranými ukazovateľmi finančnej zraniteľnosti (pomer dlhu k príjmu, pomer dlhu k aktívam, pomer dlhovej služby k príjmu, oneskorené splátky, výdavky prevyšujúce príjem, zamietnutý úver) a subjektívnou pohodou. Na testovanie hypotézy boli použité údaje z prieskumu finančnej situácie a spotreby domácností (HFCS) pre Slovensko z vlny 2021. 
610 2 0 |a dlhy 
610 2 0 |a blahobyt 
610 2 0 |a úroveň životná 
610 2 0 |a domácnosti 
610 2 0 |a deprivácia materiálna 
100 1 |a Ilenčíková, Katarína, 1999-